000 00377cam a22001097a 4500
008 180718b1959 xxu||||| |||| 00| 0 eng d
082 _aT19065x42 Un3/1957-58
245 _aNew contributions to economic statistics
_cby Central Statistical Office
260 _aLondon
_bHer Majesty's Stationery Office
_c1959
300 _a53p.
700 _aUnited Kingdom. Central Statistical Office
999 _c390186
_d390186